000 00776nam a22002657a 4500
001 115360
003 UA-OsUOA
005 20220211132045.0
007 ta
008 20151221b un ||||| |||| 00| 0 ukr d
020 _a9786176350651
040 _aUA-OsUOA
_brus
_cUA-OsUOA
_dUA-OsUOA
041 _arus
080 _a821.161.2
090 _a821.161.2
_bД53
100 _aДмитрук А.
245 _aВерните нам наше небо
_bпоэзия
_cАнастасия Дмитрук
260 _aК.
_bФеєрія Мандрів
_c2014
300 _a112 с.
591 _aПасічник І. Д.
650 7 _a821 Художня література
_2UDC
942 _cBK
_2udc
955 _a3
999 _c401501
_d401501